Statystyki dla Największe miasta według cechy

Kliknij tutaj aby rozwiązać quiz!

Ogólne statystyki

  • Ten quiz został rozwiązany 3 442 razy
  • Średni wynik to 12 z 24

Statystyki odpowiedzi

Największa aglomeracjaLudnośćOdpowiedź% Poprawnych
w Stanach Zjednoczonych22,2 mlnNowy Jork
93%
w Europie17,0 mlnMoskwa
91%
w Australii5,00 mlnSydney
87%
które jest stolicą narodową39,9 mlnTokio
87%
w Skandynawii2,15 mlnSztokholm
83%
w Afryce18,2 mlnLagos lub Kair
76%
na Florydzie6,25 mlnMiami
72%
na Półwyspie Iberyjskim6,35 mlnMadryt
71%
w Ameryce Południowej22,1 mlnSao Paulo
62%
powyżej 1500 m wysokości22,6 mlnMeksyk
58%
na Wielkich Jeziorach
Północnoamerykańskich
9,75 mlnChicago
52%
na świecie45,6 mlnKanton
44%
poniżej 30° na południu16,1 mlnBuenos Aires
41%
w Indochinach18,4 mlnBangkok
38%
na wyspie śródziemnomorskiej855 tys.Palermo
33%
powyżej 3000 m wysokości2,03 mlnLa Paz
29%
w Ameryce Środkowej3,10 mlnGwatemala
25%
założone po 1950 roku3,98 mlnBrasilia
23%
powyżej 60° na północy1.27 milHelsinki
23%
na Morzu Karaibskim3,83 mlnSanto Domingo
21%
na granicy USA i Kanady5,70 mlnDetroit
18%
w English Midlands3,10 mlnBirmingham
17%
powyżej koła arktycznego299 tys.Murmańsk
11%
na półwyspie Jukatan1,11 mlnMérida
7%

Rozkład punktacji

Percentyl według liczby udzielonych odpowiedzi

Procent ludzi z każdym wynikiem

Twoja historia wyników

Nie rozwiązałeś tego quizu